书目信息 |
| 题名: |
新世纪新阶段的政治宣言和行动纲领
|
|
| 作者: | ;教育部社会科学研究与思想政治工作司组 编 | |
| 分册: | ||
| 出版信息: | 北京 中国人民大学出版社 2002.11 |
|
| 页数: | 202页 | |
| 开本: | 20cm | |
| 丛书名: | ||
| 单 册: | ||
| 中图分类: | D229 | |
| 科图分类: | ||
| 主题词: | 中国共产党 | |
| 电子资源: | ||
| ISBN: | 7-300-04292-9 | |
| 000 | 00870nam0 2200205 450 | |
| 001 | 0659887426 | |
| 005 | 20060113163941.32 | |
| 010 | @a7-300-04292-9@dCNY12.00 | |
| 100 | @a20060113d2002 km y0chiy0120 ea | |
| 101 | 0 | @achi |
| 102 | @aCN@b110000 | |
| 200 | 1 | @a新世纪新阶段的政治宣言和行动纲领@Axin shi ji xin jie duan de zheng zhi xuan yan he xing dong gang ling@e十六大报告学习体会@f教育部社会科学研究与思想政治工作司组编@Fjiao yu bu she hui ke xue yan jiu yu si xiang zheng zhi gong zuo si zu bian |
| 210 | @a北京@c中国人民大学出版社@d2002.11 | |
| 215 | @a202页@d20cm | |
| 517 | 1 | @a十六大报告学习体会@Ashi liu da bao gao xue xi ti hui |
| 606 | 0 | @a中国共产党 |
| 690 | @aD229@v3 | |
| 711 | 0 | @a教育部社会科学研究与思想政治工作司组@Ajiao yu bu she hui ke xue yan jiu yu si xiang zheng zhi gong zuo si zu@4编 |
| 801 | 0 | @aCN@bPFT@c20060113 |
| 905 | @a10447@dD229@eJ688 | |
| 新世纪新阶段的政治宣言和行动纲领:十六大报告学习体会/教育部社会科学研究与思想政治工作司组编.-北京:中国人民大学出版社,2002.11 |
| 202页;20cm |
| ISBN 7-300-04292-9:CNY12.00 |
| ● |
| 相关链接 |
|
|
|
正题名:新世纪新阶段的政治宣言和行动纲领
索取号:D229/J688
 
预约/预借
| 序号 | 登录号 | 条形码 | 馆藏地/架位号 | 状态 | 备注 |
| 1 | 442667 | 204426674 | 社科库509/509社科库 68排8列1层/ [索取号:D229/J688] | 在馆 |